| 000 | 00781nam a2200205Ia 4500 | ||
|---|---|---|---|
| 003 | GCL | ||
| 008 | 140319s9999 xx 000 0 ara d | ||
| 020 | _a1262327977 | ||
| 040 |
_aGCL / _cGCL |
||
| 082 | 0 | 4 |
_a330.122 _bف ر |
| 100 | 1 | _aفرغلى على تسن | |
| 245 | 1 | 0 |
_aالرأسمالية اليهودية : _bوأثرها على الحركة الصهيونية والنظمات الشيوعية 1897 - 1937 / _cفرغلى على تسن |
| 260 |
_aالقاهرة : _bدار الوفاء لدنيا الطباعة والنشر ، _c2002 |
||
| 300 |
_a256 ص ؛ _c24 سم |
||
| 650 | 0 | 4 | _aاليهودية |
| 650 | 0 | 4 | _aالرأسمالية |
| 650 | 0 | 4 | _aالرأسمالية - الشيوعية |
| 650 | 0 | 4 | _aاليهودية والرأسمالية |
| 942 |
_2ddc _cBK |
||
| 999 |
_c6048 _d6048 |
||